| 000 | 00363nam a2200145Ia 4500 | ||
|---|---|---|---|
| 008 | 150201s2010 xx 000 0 und d | ||
| 082 |
_a519.5 _bM10M |
||
| 100 | _aMAHAJAN , B.K. | ||
| 245 | _aMETHODS IN BIOSTATISTICS FOR MEDICAL STUDENTS | ||
| 250 | _a7TH | ||
| 260 |
_bJAYPEE _aDELHI _c2010 |
||
| 300 | _a1-343 | ||
| 650 | _aBIOSTATISTICS | ||
| 942 |
_2ddc _cBK _041 |
||
| 999 |
_c1622 _d1622 |
||